000 00575nam a22002177a 4500
003 UA-OsUOA
001 121376
007 ta
008 20170320b un ||||| |||| 00| 0 ukr d
100 _aБілик О.
090 _a02
_bБ67
942 _cSA
040 _aUA-OsUOA
_bukr
_cUA-OsUOA
_dUA-OsUOA
245 _aЕлектронні ресурси бібліотек України на допомогу читанню
300 _aС.16-21
955 _a0
041 _aukr
080 _a02
773 0 _w121372
650 7 _a02 Бібліотечна справа
_2UDC
999 _c407491
_d407491